High-temperature superconductivity : abstracts of NIST publications, 1987-1991 /

Uloženo v:
Podrobná bibliografie
Další autoři: DeWeese, Mary E.
Médium: Kniha
Jazyk:English
Vydáno: Gaithersburg, MD : U.S. Dept. of Commerce, National Institute of Standards and Technology, 1991.
Edice:NIST special publication ; 826
Témata:
LEADER 01063cam a2200253 a 4500
001 c000261488
003 CARM
005 20070528123906.0
008 920804s1991 mdu a 001 0 eng
019 1 |a 9274831  |5 LACONCORD2021 
035 |a (OCoLC)25667616  |5 LACONCORD2021 
040 |a LCLOW  |b eng  |c LCLOW  |d VIT 
050 0 0 |a IN PROCESS 
245 0 0 |a High-temperature superconductivity :  |b abstracts of NIST publications, 1987-1991 /  |c edited by Mary E. DeWeese. 
260 |a Gaithersburg, MD :  |b U.S. Dept. of Commerce, National Institute of Standards and Technology,  |c 1991. 
300 |a 85 p. ;  |c 28 cm. 
440 0 |a NIST special publication ;  |v 826 
500 |a Includes index. 
500 |a Supersedes NIST special publication 759. 
650 0 |a High temperature superconductivity  |v Abstracts. 
700 1 |a DeWeese, Mary E. 
852 8 |b CARM  |h A1:AP32D0  |i F02141  |p 0377663  |f BK 
999 f f |i 9da6b217-bd16-522b-96a6-1315b114e3fc  |s 27174893-50b5-585a-9de6-a287b8517854 
952 f f |p Can circulate  |a CAVAL  |b CAVAL  |c CAVAL  |d CARM 1 Store  |e F02141  |f A1:AP32D0  |h Other scheme  |i book  |m 0377663